Same Name Quiz Stats

 Plays Quiz Updated Jan 27, 2019

     
Support Sporcle.
Go Orange.
Score 0/18 Timer 04:00
2 Plays Today
Hint 1 Name % Correct
Shoeless baseball playerJoe Jackson
76.3%
Wendy’s founderDave Thomas
63.9%
Late Democratic senator from IllinoisPaul Simon
57.3%
'Seinfeld' starJason Alexander
49.5%
Pitcher: Rangers, A's, and 4 others teamsKenny Rogers
42.2%
Minnesota Vikings running backAdrian Peterson
41.2%
Wife of Henry VIIIJane Seymour
41.2%
Wife of William ShakespeareAnne Hathaway
41.1%
'Back to the Future' starChristopher Lloyd
32.6%
Hint 1 Name % Correct
First 'Survivor' winnerRichard Hatch
32.1%
Led Zeppelin bassistJohn Paul Jones
31.9%
'Dawson's Creek' actressMichelle Williams
30.7%
Creator of the Garfield comic stripJim Davis
26.6%
'Shakespeare in Love' directorJohn Madden
22.2%
'Xena' actorKevin Smith
21.2%
U.S. Vice President 1805-1812 George Clinton
20%
Notorious B.I.G.Chris Wallace
19.1%
Manchester City Footballer Michael Johnson
14.7%

From the Vault

G8 (+5) Leaders

by Matt

History 5m
The leaders of the most powerful countries in the world. They probably don't know your name, but perhaps you should probably know theirs.
Remove Ads.
Support Sporcle.
Get the best of Sporcle when you Go Orange. This ad-free experience offers more features, more stats, and more fun while also helping to support Sporcle. Thank you for becoming a member.

Show Comments

Extras

Top Quizzes Today


Score Distribution

Your Account Isn't Verified!

In order to create a playlist on Sporcle, you need to verify the email address you used during registration. Go to your Sporcle Settings to finish the process.

Report this User

Report this user for behavior that violates our Community Guidelines.

Details: